| 000 | 00888nam a22002297a 4500 | ||
|---|---|---|---|
| 005 | 20100722133246.0 | ||
| 010 | _aHIN-89782 | ||
| 020 |
_a818547849X _c150.00 |
||
| 035 | _aHN-62128 | ||
| 037 | _bDBAD/PUB | ||
| 082 | _a821 | ||
| 100 |
_aसराफ, उमा _9696 |
||
| 245 |
_aप्रेम ही बचेगा / _cउमा सराफ |
||
| 246 |
_aPrem hi bachega _bUma Saraf |
||
| 260 |
_aदिल्ली _bज्ञान भारती _c2010 |
||
| 270 |
_a4/14, रूप नगर _bदिल्ली _e110007 |
||
| 300 |
_a106पृ. _c22सेमी (सजिल्द) |
||
| 650 |
_aहिन्दी कविता _9697 |
||
| 650 |
_aHindi Poetry _9698 |
||
| 942 |
_2ddc _cHN _h821 _mसराफ |
||
| 999 |
_c37209 _d37209 |
||